| 000 | 00486 a2200169 4500 | ||
|---|---|---|---|
| 999 |
_c32 _d32 |
||
| 008 | 200221b ||||| |||| 00| 0 eng d | ||
| 020 | _a9788131809259 | ||
| 082 | 0 | 0 |
_a620.112 _bP9845 |
| 100 | _aPunmia, B. C. | ||
| 245 |
_aSMTS-I Strength of materials / _cby B. C. Punmia and Ashok Kumar Jain |
||
| 250 | _a10th Ed. | ||
| 260 |
_aNew Delhi: _bLaxmi Publication, _c2018. |
||
| 300 | _axv, 805 p. | ||
| 650 | 0 | _aStrength of Materials | |
| 700 |
_91834 _aJain, Ashok Kumar |
||
| 942 |
_2ddc _cBK |
||